| LEADER | 01110nam a2200229 4500 | ||
|---|---|---|---|
| 082 | |a 891.709 |b GR450X | ||
| 100 | |a Grôxman, L | ||
| 245 | |a Đôxtôépxki cuộc đời và sự nghiệp |c L.Grôxman; Ngô Thu Hằng, Nguyễn Thị Thìn dịch | ||
| 260 | |a H. |b Văn học |c 1998 | ||
| 300 | |a 719 tr. |c 21 cm | ||
| 520 | |a v.v... | ||
| 653 | |a Văn học | ||
| 653 | |a Nga | ||
| 653 | |a Cuộc đời | ||
| 653 | |a Sự nghiệp | ||
| 653 | |a Nhà văn | ||
| 942 | |2 ddc |c STK0 | ||
| 999 | |c 2785 |d 2785 | ||
| 952 | |0 0 |1 0 |2 ddc |4 0 |6 891_709000000000000_GR450X |7 1 |8 800 |9 33302 |a qbu |b qbu |c D5 |d 2014-12-15 |g 60000 |o 891.709 GR450X |p 3509.c1 |r 0000-00-00 |w 2014-12-15 |y STK0 | ||
| 952 | |0 0 |1 0 |2 ddc |4 0 |6 891_709000000000000_GR450X |7 0 |8 800 |9 33303 |a qbu |b qbu |c D5 |d 2014-12-15 |g 60000 |o 891.709 GR450X |p 3509.c2 |r 0000-00-00 |w 2014-12-15 |y STK0 | ||
| 952 | |0 0 |1 0 |2 ddc |4 0 |6 891_709000000000000_GR450X |7 0 |8 800 |9 71174 |a qbu |b qbu |c D5 |d 2015-04-21 |o 891.709 GR450X |p 3509.c3 |r 0000-00-00 |w 2015-04-21 |y STK0 | ||
| 952 | |0 0 |1 0 |2 ddc |4 0 |6 891_709000000000000_GR450X |7 0 |8 800 |9 91925 |a qbu |b qbu |c D5 |d 2015-08-24 |o 891.709 GR450X |p 3509.c4 |r 0000-00-00 |w 2015-08-24 |y STK0 | ||